000 00480nam a2200169Ia 4500
003 GCL
008 140319s9999 xx 000 0 ara d
040 _aGCL /
_cGCL
082 0 4 _aد
_b050
100 1 _aمحمود بسيونى
245 1 0 _aالفن و تنمية السلوك ( اقرا 245 ) /
_cمحمود بسيونى
700 1 _aمحمود البسيونى
300 _a111
490 _aاقرأ
_v0
650 0 4 _aالاشتراكية فى الفن
942 _2ddc
_cBK
999 _c48720
_d48720